विश्व प्रसिद्ध कहानियाँ / (Record no. 116888)

MARC details
000 -LEADER
fixed length control field 01086nam a22002537a 4500
005 - DATE AND TIME OF LATEST TRANSACTION
control field 20170124103046.0
010 ## - LIBRARY OF CONGRESS CONTROL NUMBER
LC control number A-909033
020 ## - INTERNATIONAL STANDARD BOOK NUMBER
Terms of availability 175.00
International Standard Book Number 8186253084
035 ## - SYSTEM CONTROL NUMBER
System control number A-909033
037 ## - SOURCE OF ACQUISITION
Source of stock number/acquisition Cen Lib/Ret
040 ## - CATALOGING SOURCE
Original cataloging agency DPL
Language of cataloging HN
082 ## - DEWEY DECIMAL CLASSIFICATION NUMBER
Classification number
Item number विश्वप्र
245 ## - TITLE STATEMENT
Title विश्व प्रसिद्ध कहानियाँ /
Statement of responsibility, etc संपादक राम आनंद
246 ## - VARYING FORM OF TITLE
Title proper/short title Vishv prasidhh kahaniyan /
Remainder of title sampadak Ram Anand
260 ## - PUBLICATION, DISTRIBUTION, ETC. (IMPRINT)
Place of publication, distribution, etc दिल्ली
Name of publisher, distributor, etc संस्कृति साहित्य
Date of publication, distribution, etc 1998
270 ## - ADDRESS
Address 30/21ए-22ए, गली नं.9, विश्वास नगर, शाहदरा
City दिल्ली
Postal code 110032
300 ## - PHYSICAL DESCRIPTION
Extent 174पृ.
Dimensions 20सेमी(सजिल्द)
650 ## - SUBJECT ADDED ENTRY--TOPICAL TERM
Topical term or geographic name as entry element हिन्दी साहित्य
9 (RLIN) 68821
650 ## - SUBJECT ADDED ENTRY--TOPICAL TERM
Topical term or geographic name as entry element हिन्दी -- लघु कहानियां
9 (RLIN) 68822
650 ## - SUBJECT ADDED ENTRY--TOPICAL TERM
Topical term or geographic name as entry element Hindi literature
9 (RLIN) 68823
650 ## - SUBJECT ADDED ENTRY--TOPICAL TERM
Topical term or geographic name as entry element Hindi -- Short Stories
9 (RLIN) 29625
700 ## - ADDED ENTRY--PERSONAL NAME
Personal name राम आनंद
9 (RLIN) 2233
942 ## - ADDED ENTRY ELEMENTS (KOHA)
Source of classification or shelving scheme Dewey Decimal Classification
Koha item type Hindi Books
Classification part
Call number suffix विश्वप्र
Holdings
Withdrawn status Lost status Damaged status Not for loan Home library Current library Date acquired Source of acquisition Cost, normal purchase price Total Checkouts Total Renewals Full call number Barcode Date last seen Date checked out Copy number Cost, replacement price Price effective from Koha item type
        Central Library Central Library 25/08/2015 Cen Lib/Ret 175.00 2 1 क विश्वप्र A-909033 17/11/2023 25/10/2023 1 175.00 25/08/2015 Hindi Books

© Delhi Public Library
Hit Counter
free hit counter